00501 2200193 4500001002100000005001500021008004100036020002200077035001900099041000700118082001000125090001600135100003900151245004200190260002600232300002300258500001000281650001600291INLIS00000000000179720241224112421241224||||||||| | ||| |||| || |  a978-602-229-061-2 0010-1224001797 aen0 a371.3 a371.3 SLA u0 aslamet riyanto &nurudin prihartono00aUnivercitty entrance exam preparation bpustaka pelajarc2012 avii,339 hlm.;25 cm acet.1 0aIlmu Sosial